Türkiye'nin sorunlarına sosyal demokrat yaklaşımlar ve ... (Record no. 4519)

MARC details
000 -BAŞLIK
Sabit Uzunlukta Kontrol Alanı 01326na a2200385 4500
001 - KONTROL NUMARASI
Denetim Alanı 14787
003 - KONTROL NUMARASI IDENTIFIER
Denetim Alanı MIRAKIL
005 - SON İŞLEM TARİHİ VE ZAMANI
Denetim Alanı 20181213155008.0
008 - SABİT-BOY VERİ ELEMANLARI - GENEL BİLGİLER
Sabit Uzunlukta Kontrol Alanı 170216b tu 000 0
035 ## - SİSTEM KONTROL NUMARASI
Sistem Kontrol Numarası 14787
040 ## - KATALOGLAMA KAYNAK
Orijinal Kataloglama Ajansı Milas
Kataloglama Dili tur
Metne Dönüştürmek Ajansı TR-AnCHP
041 ## - DİL KODU
Metin / Ses Parça Veya Ayrı Başlığın Dil Kodu tur
082 ## - DEWEY ONLU SINIFLANDIRMA NUMARASI
Sınıflandırma Numarası CHP 324.2372
Ürün Numarası C36t 1993
090 ## - SINIFLAMA NUMARASI
Sınıflama Numarası BROŞÜR 486
110 ## - ANA GİRİŞ - KURUMSAL ADI
Giriş Elemanı Olarak Kurumsal Ad Veya Yargı Alanı Adı Cumhuriyet Halk Partisi (CHP)
222 ## - ANAHTAR ADI
Anahtar Başlık CHP'nin politika önerileri
245 ## - BAŞLIK TABLOSU
Başlık Türkiye'nin sorunlarına sosyal demokrat yaklaşımlar ve ...
Başlığın Kalan CHP'nin politika önerileri
Sorumluluk Tablosu, Vb Cumhuriyet Halk Partisi
246 ## - UNVAN FORM VARYING
Başlık Doğru / Kısa Başlığı CHP'nin politika önerileri
260 ## - YAYIN, DAĞITIM, VB
Yayın, Dağıtım, Vb Yeri Ankara
Yayıncı, Dağıtıcı, Vs Adı CHP
Yayın, Dağıtım, Vb Tarihi [1993]
Üretici Firma CHP
300 ## - FİZİKSEL TANIM
Kapsam 58 s.
Diğer Fiziksel Ayrıntıları res.
Boyutlar 28 sm.
500 ## - GENEL NOT
Genel Not CHP ... özgürlük, eşitlik, gelişme...
505 ## - BİÇİMLENDİRİLDİ İÇİNDEKİLER NOT
Biçimlendirilmiş İçeriği Dikkat Yeni hedefler - Refah ve sosyal adalet - Barışçı, kişilikli Türkiye
610 ## - KONU KATMA GİRİŞ - TOPLANTI ADI
Giriş Elemanı Olarak Kurumsal Ad Veya Yargı Alanı Adı CHP
Genel Alt Bölüm Sosyal demokrasi
Kronolojik Alt Bölüm Öneriler
610 ## - KONU KATMA GİRİŞ - TOPLANTI ADI
Giriş Elemanı Olarak Kurumsal Ad Veya Yargı Alanı Adı CHP
Genel Alt Bölüm Toplumsal sorunlar
Kronolojik Alt Bölüm Çözüm önerileri
610 ## - KONU KATMA GİRİŞ - TOPLANTI ADI
Giriş Elemanı Olarak Kurumsal Ad Veya Yargı Alanı Adı CHP
Genel Alt Bölüm Siyasal ve sosyal görüşler
650 ## - KONU KATMA GİRİŞ - TOPİKAL DÖNEM
Topikal Süreli Veya Coğrafi Ad Giriş Elemanı Siyaset ve yönetim
Coğrafi Alt Bölümü Türkiye
650 ## - KONU KATMA GİRİŞ - TOPİKAL DÖNEM
Topikal Süreli Veya Coğrafi Ad Giriş Elemanı Sosyal demokrasi
740 ## - KATMA GİRİŞ - KONTROLSUZ İLGİLİ / ANALİTİK BAŞLIK
Kontrol Edilmeyen / İlgili Analitik Başlıktaki CHP ... özgürlük, eşitlik, gelişme...
740 ## - KATMA GİRİŞ - KONTROLSUZ İLGİLİ / ANALİTİK BAŞLIK
Kontrol Edilmeyen / İlgili Analitik Başlıktaki Yeni hedefler
740 ## - KATMA GİRİŞ - KONTROLSUZ İLGİLİ / ANALİTİK BAŞLIK
Kontrol Edilmeyen / İlgili Analitik Başlıktaki Refah ve sosyal adalet
740 ## - KATMA GİRİŞ - KONTROLSUZ İLGİLİ / ANALİTİK BAŞLIK
Kontrol Edilmeyen / İlgili Analitik Başlıktaki Barışçı, kişilikli Türkiye
810 ## - SERİSİ EKLENDİ GİRİŞ - KURUMSAL ADI
Giriş Elemanı Olarak Kurumsal Ad Veya Yargı Alanı Adı Cumhuriyet Halk Partisi
942 ## - EKLENDİ GİRİŞ ELEMANLARI (KOHA)
Sınıflandırma Veya Raf Düzeni Kaynak
Koha Öğesi Türü Books
999 ## - SİSTEM KONTROL NUMARALARI (KOHA)
Koha Biblionumber 4519
Koha Biblioitemnumber 4519
Holdings
Kullanım Kısıtlamaları Kalıcı Konum Mevcut Konum Edinme Tarihi Edinim Kaynak Kodlu Konum Eleme Toplam Check-Out'Lar Tam Çağrı Numarası Barkod Tarih Son Görülme İtibaren Geçerli Fiyatlar Koha Öğesi Türü Kopya Sayısı
Kütüphane dışına çıkarılamaz CHP Kütüphanesi CHP Kütüphanesi 09/01/2016 Bağış BROŞÜRLER   BROŞÜR 486 003143 09/01/2016 09/01/2016 Books  
Kütüphane dışına çıkarılamaz CHP Kütüphanesi CHP Kütüphanesi 11/07/2016 Bağış BROŞÜRLER   BROŞÜR 486 009131 11/07/2016 11/07/2016 Books k.2
Kütüphane dışına çıkarılamaz CHP Kütüphanesi CHP Kütüphanesi 11/07/2016 Bağış BROŞÜRLER   BROŞÜR 486 009132 11/07/2016 11/07/2016 Books k.3
Kütüphane dışına çıkarılamaz CHP Kütüphanesi CHP Kütüphanesi 11/07/2016 Bağış BROŞÜRLER   BROŞÜR 486 009133 11/07/2016 11/07/2016 Books k.4